|
|
|
|
| LEADER |
00000nab a2200000 a 4500 |
| 001 |
vtls009468115 |
| 003 |
SK-MaSNL |
| 005 |
20260304152601.0 |
| 008 |
250506c2008 xo qr|p|||||||000 b|slo |
| 015 |
|
|
|a SNBRB2009/02
|2 snkbucl
|
| 035 |
|
|
|a (uuid)e189e6c0-16a1-4f18-a220-d64f19f41118
|
| 035 |
|
|
|a urn:nbn:sk:snk-abdrlq
|
| 035 |
|
|
|a (urnnbn)urn:nbn:sk:snk:ar-0019sb
|
| 038 |
|
|
|a SNKBUCL
|
| 040 |
|
|
|a SNKBUCL
|b slo
|c SNKBUCL
|e AACR2
|
| 041 |
0 |
|
|a slo
|
| 044 |
|
|
|a xo
|c SK
|
| 080 |
|
|
|a 792.071.2:792.97
|2 2001
|
| 080 |
|
|
|a 792.97
|2 2001
|
| 080 |
|
|
|a 688.723
|2 2001
|
| 100 |
1 |
|
|a Žabková, Soňa,
|d 1969-
|4 aut
|9 109981
|
| 245 |
1 |
0 |
|a Bábkam vdychujú dušu (Jana Pogorielová-Dušová a Anton Duša)
|c Soňa Žabková
|
| 300 |
|
|
|b Fotogr.
|
| 600 |
1 |
7 |
|a Duša, Anton,
|d 1933-
|2 snkbucl
|9 158886
|
| 600 |
1 |
7 |
|a Pogorielová, Jana,
|d 1938-
|2 snkbucl
|9 39146
|
| 650 |
0 |
7 |
|a bábky
|2 snkbucl
|9 17392
|
| 773 |
0 |
|
|t Javisko
|g Roč. 40, č. 4 (2008), s. 36-37
|x 0323-2883
|
| 850 |
|
|
|a Slovenská národná knižnica
|
| 852 |
|
|
|a Slovenská národná knižnica
|
| 954 |
|
|
|a odborná, vedecká literatúra pôvodná (slovenská)
|2 lita
|
| 958 |
|
|
|a article19
|
| 958 |
|
|
|a OND
|
| 958 |
|
|
|a EUIPO
|
| 999 |
|
|
|c 2949934
|d 2951864
|